Histoire du drapeau du Lesotho - Statistiques

Statistiques générales
  • Ce quiz a été pris 25 fois
  • Le résultat moyen est 4 sur 6
Statistiques - réponses
Hint Réponse % Correct
Troisième drapeau du Lesotho (drapeau actuel depuis 2006)
94%
Deuxième drapeau du Lesotho (1987-2006)
63%
Premier drapeau du territoire du Basutoland (1801-1875)
63%
Troisième drapeau du territoire du Basutoland (1884-1966)
50%
Premier drapeau du Lesotho (1966-1987)
44%
Deuxième drapeau du territoire du Basutoland (1875-1884)
38%
Aucun quiz correspondant
Distribution des résultats
% des personnes avec chaque résultat
Percentile par nombre de réponses
Votre historique - résultats
Vous n’avez pas pris ce quiz